000 00286nam a2200121Ia 4500
008 231219s9999 xx 000 0 und d
041 _aeng
100 _aGladwell Malcolm
245 _aThe Tipping Point
260 _bAbacus Publication London
300 _a279
650 _aManagement
999 _c986718
_d986718